[Event "BL 8283 München 36-Erlangen"]
[Site "?"]
[Date "1983.??.??"]
[Round "?.6"]
[White "Enigl, K."]
[Black "Tischer, G."]
[Result "1/2-1/2"]
[WhiteElo "2230"]
[BlackElo "2275"]
[PlyCount "80"]
[EventDate "1983.??.??"]

1. c4 Nf6 2. Nc3 g6 3. d4 Bg7 4. Bg5 c5 5. d5 O-O 6. e4 d6 7. Be2 h6 8. Be3 e6
9. Qd2 exd5 10. exd5 Kh7 11. h3 Re8 12. Bd3 Nbd7 13. Nf3 a6 14. O-O Nh5 15.
Rae1 Ne5 16. Be2 Nf6 17. Nxe5 Rxe5 18. Bf4 Re8 19. Bf3 Rxe1 20. Rxe1 Bf8 21. g4
Bd7 22. g5 Ng8 23. h4 Bf5 24. Ne4 Qd7 25. Ng3 hxg5 26. hxg5 Ne7 27. Nxf5 Nxf5
28. Bg4 Re8 29. Rxe8 Qxe8 30. Bxf5 gxf5 31. Qe3 Qe4 32. Qxe4 fxe4 33. Kf1 Kg6
34. Ke2 Kf5 35. Ke3 Be7 36. f3 Bxg5 37. Bxg5 Kxg5 38. Kxe4 f6 39. b3 b6 40. a3
a5 {.../53/} 1/2-1/2

[Event "BL 8283 Bayern-Bamberg"]
[Site "?"]
[Date "1983.??.??"]
[Round "?.1"]
[White "Backwinkel, P."]
[Black "Pfleger, He"]
[Result "1/2-1/2"]
[WhiteElo "2305"]
[BlackElo "2505"]
[PlyCount "46"]
[EventDate "1983.??.??"]

1. e4 d6 2. d4 Nf6 3. Nc3 g6 4. h3 Bg7 5. Nf3 O-O 6. Be3 Nbd7 7. Qd2 e5 8. dxe5
Nxe5 9. Nxe5 dxe5 10. Qxd8 Rxd8 11. Bc4 c6 12. a4 Ne8 13. a5 Nc7 14. Na4 Be6
15. Be2 Bf8 16. O-O Nb5 17. c3 Bb3 18. Rfe1 f6 19. Bd1 Bxd1 20. Rexd1 Kf7 21.
Nc5 Bxc5 22. Bxc5 Ke6 23. f3 Nd6 1/2-1/2

[Event "BL 8283 Bayern-Bamberg"]
[Site "?"]
[Date "1983.??.??"]
[Round "?.2"]
[White "Kindermann, S."]
[Black "Kestler, H."]
[Result "1-0"]
[WhiteElo "2465"]
[BlackElo "2395"]
[PlyCount "107"]
[EventDate "1983.??.??"]

1. e4 c5 2. Nf3 d6 3. d4 cxd4 4. Nxd4 Nf6 5. Nc3 e6 6. Be2 Be7 7. O-O Nc6 8.
Be3 O-O 9. f4 e5 10. Nxc6 bxc6 11. fxe5 dxe5 12. Qe1 Nd7 13. Rd1 Kh8 14. Bc4 f6
15. Na4 Qc7 16. Bb3 Rb8 17. a3 Nb6 18. Nc5 Bg4 19. Na6 Qc8 20. Nxb8 Bxd1 21.
Qxd1 Qxb8 22. Qg4 c5 23. Be6 Qe8 24. Rf3 g5 25. h4 h6 26. Rh3 Kg7 27. Qf5 Rh8
28. b3 c4 29. bxc4 Qd8 30. hxg5 hxg5 31. Rxh8 Qxh8 32. c5 Na8 33. Bd5 Nc7 34.
Qd7 Qd8 35. c6 a6 36. Bb6 Qxd7 37. cxd7 Bd8 38. Bc4 Kf8 39. Bc5+ Kg7 40. a4 Kg6
41. g4 a5 42. Kf2 Na8 43. Ke3 Nb6 44. Bb5 Kf7 45. Kd3 Ke6 46. Bc6 Bc7 47. Bxb6
Bxb6 48. Kc4 Bd8 49. Kb5 Bc7 50. c4 Kd6 51. c5+ Ke7 52. Ka6 f5 53. exf5 e4 54.
Kb7 1-0

[Event "BL 8283 Bayern-Bamberg"]
[Site "?"]
[Date "1983.??.??"]
[Round "?.3"]
[White "Bartsch, B."]
[Black "Bischoff, K."]
[Result "1-0"]
[WhiteElo "2265"]
[BlackElo "2405"]
[PlyCount "101"]
[EventDate "1983.??.??"]

1. e4 Nf6 2. e5 Nd5 3. Nc3 e6 4. d4 Nxc3 5. bxc3 d5 6. f4 c5 7. Nf3 Nc6 8. Be2
Qa5 9. Bd2 c4 10. O-O g6 11. a4 Bd7 12. Qb1 Be7 13. Be1 O-O-O 14. Qb2 Rdf8 15.
Bh4 Bxh4 16. Nxh4 Qd8 17. Nf3 Kc7 18. Rab1 Bc8 19. Nd2 Qe7 20. Rf3 Na5 21. Qb4
Qxb4 22. cxb4 Nc6 23. c3 Bd7 24. Bd1 h5 25. g3 Ne7 26. Bc2 a5 27. b5 Nc8 28.
Kg2 Nb6 29. Rff1 Kd8 30. h3 Ke7 31. Nf3 Rh6 32. Rh1 Rfh8 33. Rh2 Be8 34. Rbh1
Bd7 35. Nh4 Be8 36. g4 hxg4 37. hxg4 Kd8 38. Kg3 R6h7 39. f5 gxf5 40. gxf5 Rg7+
41. Kf2 Rhg8 42. f6 Rg3 43. Rg2 Rxg2+ 44. Nxg2 Bd7 45. Ne1 Ke8 46. Nf3 Kf8 47.
Rh5 Ke8 48. Ng5 Kf8 49. Kf3 Ke8 50. Kf4 Kf8 51. Rh7 1-0

[Event "BL 8283 Bayern-Bamberg"]
[Site "?"]
[Date "1983.??.??"]
[Round "?.5"]
[White "Ruehrig, V."]
[Black "Klundt, K."]
[Result "0-1"]
[WhiteElo "2300"]
[BlackElo "2380"]
[PlyCount "100"]
[EventDate "1983.??.??"]

1. e4 c5 2. Nf3 d6 3. d4 cxd4 4. Nxd4 Nf6 5. Nc3 a6 6. Be3 e5 7. Nb3 Be7 8. Be2
Be6 9. f4 Qc7 10. a4 O-O 11. O-O Nbd7 12. a5 b5 13. axb6 Nxb6 14. Na5 d5 15.
fxe5 Nxe4 16. Kh1 Bc5 17. Bd4 Nd7 18. Nxe4 dxe4 19. Nc4 Bxc4 20. Bxc4 Bxd4 21.
Qxd4 Nxe5 22. Bd5 Ng4 23. g3 Qxc2 24. Qg1 Rad8 25. Rac1 Qxb2 26. Bxe4 Rd2 27.
Bg2 Nf2+ 28. Rxf2 Rxf2 29. Rb1 Rxg2 30. Rxb2 Rxg1+ 31. Kxg1 Ra8 32. Ra2 a5 33.
Ra4 Kf8 34. Kf2 Ke7 35. Ke3 Kd6 36. Kd4 Kc6 37. Kc4 f5 38. h3 g5 39. Kc3 Kd5
40. Kd3 Ra6 41. Kd2 Kc5 42. Kc3 h6 43. Kb3 Kb5 44. Rd4 a4+ 45. Ka3 Kc5 46. Rd8
Rf6 47. h4 gxh4 48. gxh4 f4 49. Rd1 f3 50. Kxa4 f2 0-1

[Event "BL 8283 Bayern-Bamberg"]
[Site "?"]
[Date "1983.??.??"]
[Round "?.6"]
[White "Saacke, B."]
[Black "Schlaugat, M."]
[Result "1-0"]
[WhiteElo "2380"]
[BlackElo "2235"]
[PlyCount "93"]
[EventDate "1983.??.??"]

1. d4 Nf6 2. Nf3 e6 3. e3 b6 4. b3 Bb7 5. Bb2 Be7 6. Bd3 O-O 7. O-O d5 8. c4
Nbd7 9. Nc3 c5 10. Qe2 cxd4 11. exd4 Re8 12. Rad1 Rc8 13. Ne5 g6 14. f4 Nh5 15.
cxd5 exd5 16. Bb5 Nhf6 17. Rf3 Bb4 18. Re3 a6 19. Bxa6 Bxa6 20. Qxa6 Bxc3 21.
Bxc3 Ne4 22. Be1 Nf8 23. Qe2 Qd6 24. f5 Re7 25. Qg4 Rc2 26. fxg6 fxg6 27. Re2
Rxe2 28. Qxe2 Ne6 29. Nf3 Rc7 30. Bg3 Nxg3 31. hxg3 Ng7 32. Qe5 Qd8 33. Re1 b5
34. a4 bxa4 35. bxa4 Nf5 36. Rb1 h6 37. Rb5 Ne7 38. Kh2 Kf7 39. Qf4+ Kg7 40.
Qe5+ Kf7 41. a5 Rc6 42. Qf4+ Kg7 43. Rb8 Rc8 44. Rb6 Qf8 45. Qe5+ Kg8 46. a6
Qg7 47. a7 1-0

[Event "BL 8283 Bayern-Bamberg"]
[Site "?"]
[Date "1983.??.??"]
[Round "?.7"]
[White "Treppner, G."]
[Black "Schubert, C."]
[Result "0-1"]
[WhiteElo "2310"]
[BlackElo "2255"]
[PlyCount "108"]
[EventDate "1983.??.??"]

1. Nf3 Nf6 2. c4 g6 3. Nc3 Bg7 4. e4 d6 5. d4 O-O 6. Be3 c5 7. h3 b5 8. e5 dxe5
9. dxe5 Nfd7 10. Qd5 b4 11. Ne4 Qc7 12. Nxc5 Nb6 13. Qe4 Nc6 14. Be2 Bf5 15.
Qh4 Nxe5 16. Rd1 Rad8 17. Rxd8 Rxd8 18. b3 Nxf3+ 19. Bxf3 Bc3+ 20. Ke2 Nd7 21.
Ne4 Ne5 22. Rc1 Bb2 23. Rc2 Bd4 24. Qf4 Bxe3 25. fxe3 Qd7 26. Qxe5 Qd1+ 27. Kf2
Qxc2+ 28. Kg3 Bxe4 29. Qxe4 Qxe4 30. Bxe4 Rc8 31. Kf4 Rc5 32. Bb7 e5+ 33. Kf3
Kf8 34. g4 f6 35. Ke4 Ke7 36. Bd5 Kd6 37. h4 Ra5 38. Bg8 h6 39. Bh7 g5 40. h5
Rxa2 41. Kf5 Rb2 42. Bg8 Ke7 43. c5 Rc2 44. Kg6 Rxc5 45. Kxh6 Kf8 46. Be6 Ke7
47. Bg8 Kf8 48. Be6 Ke7 49. Bg8 f5 50. Kg7 f4 51. h6 f3 52. h7 f2 53. h8=Q f1=Q
54. Qh6 Qf8+ 0-1

[Event "BL 8283 Zähringen-Frankfurt"]
[Site "?"]
[Date "1983.??.??"]
[Round "?.2"]
[White "Raupp, T."]
[Black "Lobron, E."]
[Result "1-0"]
[WhiteElo "2245"]
[BlackElo "2470"]
[PlyCount "105"]
[EventDate "1983.??.??"]

1. c4 e6 2. Nf3 d5 3. b3 Nf6 4. g3 c5 5. Bg2 Nc6 6. O-O Be7 7. e3 O-O 8. Bb2
Re8 9. cxd5 exd5 10. d4 Bg4 11. dxc5 Bxc5 12. Nc3 a6 13. Ne2 Ne4 14. Ned4 Ne5
15. Qe1 Bxf3 16. Nxf3 Nd3 17. Qe2 Ndxf2 18. Bd4 Bxd4 19. Nxd4 Qg5 20. Rxf2 Nxf2
21. Kxf2 Rac8 22. Qd2 Rc6 23. Nxc6 Qf6+ 24. Bf3 Qxa1 25. Nd4 Rc8 26. Ne2 h5 27.
Qxd5 g6 28. Qxb7 Rc2 29. Qxa6 Rxa2 30. Qc8+ Kh7 31. Qc4 Qb1 32. Qd4 Kg8 33.
Qd8+ Kg7 34. Qd4+ Kg8 35. Be4 Qb2 36. Qxb2 Rxb2 37. Bd5 Kf8 38. h4 Ke7 39. Kf3
Kf6 40. Bc4 Ke7 41. Kf4 f6 42. Kf3 g5 43. Nd4 Kd6 44. Ke4 Rg2 45. Nf5+ Kc5 46.
Bf7 gxh4 47. gxh4 Rg4+ 48. Kf3 Rb4 49. Nd4 Rb7 50. Bxh5 Rh7 51. Kg4 Kd5 52. Bg6
Re7 53. Kf4 1-0

[Event "BL 8283 Zähringen-Frankfurt"]
[Site "?"]
[Date "1983.??.??"]
[Round "?.3"]
[White "Podzielny, K."]
[Black "Bassler, M."]
[Result "1-0"]
[WhiteElo "2405"]
[BlackElo "2235"]
[PlyCount "103"]
[EventDate "1983.??.??"]

1. d4 f5 2. Nf3 Nf6 3. Bg5 e6 4. Nbd2 d5 5. e3 c6 6. g4 fxg4 7. Ne5 Be7 8. Bd3
Nbd7 9. Bf4 Qb6 10. Rb1 c5 11. c3 Bd6 12. Ndc4 dxc4 13. Nxc4 Qc6 14. Nxd6+ Kf8
15. O-O Nb6 16. e4 c4 17. Bc2 h5 18. f3 Kg8 19. fxg4 e5 20. Bxe5 Bxg4 21. Qd2
h4 22. Bxf6 Qxd6 23. Qg5 Qd7 24. Rf4 Be2 25. Re1 Rh5 26. Qg6 Rh6 27. Qxh6 gxh6
28. Rxe2 h3 29. Re3 Kf7 30. Rg3 Ke6 31. Rg6 Qf7 32. d5+ Kd7 33. Rg7 Rg8 34.
Rfg4 Kd6 35. Rxf7 Rxg4+ 36. Kf1 Nd7 37. Bd4 Rg2 38. e5+ Nxe5 39. Rf6+ Kxd5 40.
Bd1 Rxh2 41. Rf5 Rh1+ 42. Ke2 Rh2+ 43. Ke3 Rxb2 44. Rxe5+ Kd6 45. Rh5 Rxa2 46.
Rxh6+ Kc7 47. Be5+ Kd7 48. Bg4+ Ke7 49. Rh7+ Kf8 50. Be6 h2 51. Bd6+ Ke8 52.
Rh8# 1-0

[Event "BL 8283 Zähringen-Frankfurt"]
[Site "?"]
[Date "1983.??.??"]
[Round "?.4"]
[White "Vatter, H."]
[Black "Werner, D."]
[Result "1/2-1/2"]
[WhiteElo "2240"]
[BlackElo "2340"]
[PlyCount "74"]
[EventDate "1983.??.??"]

1. e4 g6 2. d4 Bg7 3. Nc3 d6 4. f4 Nf6 5. Nf3 c5 6. dxc5 Qa5 7. Bd3 Qxc5 8. Qe2
O-O 9. Be3 Qa5 10. O-O Nc6 11. a3 Bg4 12. Rab1 e5 13. fxe5 Nxe5 14. Qd2 Bxf3
15. gxf3 Nxd3 16. cxd3 Qh5 17. Bg5 Rac8 18. Bxf6 Bxf6 19. Nd5 Bd4+ 20. Kh1 Rfe8
21. Qg2 Kg7 22. Rbc1 Rc6 23. Rc4 Rxc4 24. dxc4 Kh8 25. b3 a6 26. a4 f5 27. Nf4
Qh6 28. Ne2 Bf6 29. exf5 gxf5 30. f4 Re4 31. Ng3 Rxf4 32. Rxf4 Qxf4 33. Qxb7
Qc1+ 34. Kg2 Qd2+ 35. Kf3 Qd1+ 36. Kg2 Qd2+ 37. Kf3 Qd1+ 1/2-1/2

[Event "BL 8283 Zähringen-Frankfurt"]
[Site "?"]
[Date "1983.??.??"]
[Round "?.5"]
[White "Haakert, J."]
[Black "Vogel, R."]
[Result "1-0"]
[WhiteElo "2305"]
[BlackElo "2245"]
[PlyCount "99"]
[EventDate "1983.??.??"]

1. Nf3 g6 2. g3 Bg7 3. Bg2 e5 4. O-O Nc6 5. c4 d6 6. Nc3 f5 7. d3 Nf6 8. Bd2
O-O 9. Rc1 h6 10. Nd5 a5 11. Bc3 Be6 12. Nd2 Qd7 13. e4 Rae8 14. exf5 gxf5 15.
Qb3 Rb8 16. Rfe1 Kh8 17. Qb5 Qf7 18. f4 Rfe8 19. fxe5 dxe5 20. Nxf6 Bxf6 21.
Bxc6 bxc6 22. Qxa5 Red8 23. Nf3 f4 24. Nxe5 Qg7 25. Ng6+ Qxg6 26. Rxe6 Bxc3 27.
Qxc3+ Qg7 28. Rxh6+ Kg8 29. Qxg7+ Kxg7 30. Rxc6 Rxb2 31. Rxc7+ Kh6 32. Rf7 fxg3
33. hxg3 Rxd3 34. Rf2 Rxg3+ 35. Kh2 Rxf2+ 36. Kxg3 Rxa2 37. Kf4 Kg6 38. Ke5 Kf7
39. Kd6 Ke8 40. Rh1 Rd2+ 41. Kc7 Rd7+ 42. Kc6 Rg7 43. c5 Ke7 44. Rd1 Rg2 45.
Kc7 Re2 46. c6 Re3 47. Kc8 Re2 48. c7 Re3 49. Rb1 Rc3 50. Kb7 1-0

[Event "BL 8283 Zähringen-Frankfurt"]
[Site "?"]
[Date "1983.??.??"]
[Round "?.6"]
[White "Kiefer, G."]
[Black "Bialas, W."]
[Result "0-1"]
[WhiteElo "2230"]
[BlackElo "2345"]
[PlyCount "86"]
[EventDate "1983.??.??"]

1. e4 g6 2. d4 Bg7 3. f4 d6 4. Nf3 c6 5. Bd3 Bg4 6. c3 e5 7. dxe5 dxe5 8. h3
Bxf3 9. Qxf3 Nd7 10. O-O Ngf6 11. f5 O-O 12. Nd2 b5 13. Bc2 Ne8 14. Nb3 c5 15.
Rd1 Qc7 16. Qd3 Nef6 17. Qxb5 c4 18. Nd2 Rfc8 19. fxg6 hxg6 20. Nf1 Bf8 21. b4
a5 22. Ba4 Nb6 23. bxa5 Nxa4 24. Qxa4 Nxe4 25. Qc2 f5 26. Ne3 Rxa5 27. g4 Ng5
28. gxf5 Nxh3+ 29. Kh2 Nf4 30. fxg6 Nd3 31. Qg2 e4+ 32. Kg1 Bc5 33. Qg4 Rf8 34.
Rxd3 cxd3 35. Qe6+ Kg7 36. Kg2 d2 37. Bxd2 Qd6 38. Qxd6 Bxd6 39. Nc4 Ra6 40.
Nxd6 Rxd6 41. Be3 Rd3 42. Bd4+ Kxg6 43. a4 e3 {ZÜ} 0-1

[Event "BL 8283 Koblenz-Kettig"]
[Site "?"]
[Date "1983.??.??"]
[Round "?.1"]
[White "Weidemann, J."]
[Black "Doncevic, D."]
[Result "1/2-1/2"]
[WhiteElo "2285"]
[BlackElo "2275"]
[PlyCount "60"]
[EventDate "1983.??.??"]

1. e4 c5 2. b3 d6 3. f4 Nf6 4. Bb5+ Bd7 5. Bxd7+ Qxd7 6. d3 g6 7. Bb2 Bg7 8.
Nf3 O-O 9. O-O Nc6 10. Qe1 Rac8 11. Na3 Ne8 12. Bxg7 Nxg7 13. Qh4 f6 14. Nc4
Nd4 15. Ne3 e6 16. c4 f5 17. Rae1 Rce8 18. Kh1 Nh5 19. Ng5 h6 20. Nh3 Qd8 21.
Qxd8 Rxd8 22. Rf2 Nf6 23. Nc2 fxe4 24. dxe4 Ng4 25. Rd2 e5 26. Nxd4 exd4 27. g3
Rde8 28. Kg1 Ne3 29. Nf2 g5 30. f5 Kf7 1/2-1/2

[Event "BL 8283 Frankfurt-Koblenz"]
[Site "?"]
[Date "1983.??.??"]
[Round "?.1"]
[White "Doncevic, D."]
[Black "Sosonko, G."]
[Result "1/2-1/2"]
[WhiteElo "2275"]
[BlackElo "2575"]
[PlyCount "34"]
[EventDate "1983.??.??"]

1. e4 c5 2. c3 d5 3. exd5 Qxd5 4. d4 e6 5. Nf3 Nf6 6. Be2 cxd4 7. cxd4 Nc6 8.
Nc3 Qd6 9. O-O Be7 10. Nb5 Qd8 11. Bf4 Nd5 12. Bg3 a6 13. Nc3 O-O 14. Rc1 Qa5
15. Qb3 Rd8 16. Rfd1 Nf6 17. a3 h6 1/2-1/2

[Event "BL 8283 Frankfurt-Koblenz"]
[Site "?"]
[Date "1983.??.??"]
[Round "?.2"]
[White "Lobron, E."]
[Black "Schulz, KJ."]
[Result "1-0"]
[WhiteElo "2470"]
[BlackElo "2310"]
[PlyCount "101"]
[EventDate "1983.??.??"]

1. e4 c5 2. Nf3 e6 3. d4 cxd4 4. Nxd4 Nf6 5. Nc3 d6 6. Be2 Be7 7. O-O O-O 8. f4
Nc6 9. Kh1 Bd7 10. Nf3 a6 11. a3 Qc7 12. Bd3 Rfd8 13. Qe1 Be8 14. Qg3 b5 15.
Qh3 Nd7 16. Nd5 exd5 17. exd5 Nf8 18. dxc6 Bxc6 19. Nd4 Bd5 20. Nf5 Bf6 21. Ne3
Qc6 22. Ng4 Bd4 23. c3 Bc5 24. f5 f6 25. Bf4 Re8 26. Qg3 Nd7 27. a4 Kh8 28. b4
Bb6 29. Bxd6 h5 30. axb5 axb5 31. Rxa8 Rxa8 32. Nf2 Bxf2 33. Rxf2 Qxc3 34. Bxb5
Ra1+ 35. Rf1 Qxg3 36. Bxg3 Ra2 37. Rf2 Ra1+ 38. Rf1 Ra2 39. Rd1 Bxg2+ 40. Kg1
Ne5 41. Bxe5 fxe5 42. Rd8+ Kh7 43. h4 Bf3 44. Be8 g5 45. Bg6+ Kg7 46. Rd7+ Kf8
47. f6 Ra8 48. Rh7 Kg8 49. Rg7+ Kh8 50. Rh7+ Kg8 51. f7+ 1-0

[Event "BL 8283 Frankfurt-Koblenz"]
[Site "?"]
[Date "1983.??.??"]
[Round "?.3"]
[White "Wolf, V."]
[Black "Podzielny, K."]
[Result "0-1"]
[WhiteElo "2245"]
[BlackElo "2405"]
[PlyCount "64"]
[EventDate "1983.??.??"]

1. d4 Nf6 2. c4 d6 3. Nc3 Nbd7 4. Nf3 e5 5. e4 Be7 6. Be2 c6 7. O-O O-O 8. Re1
a6 9. a4 a5 10. Bf1 Re8 11. Qc2 Bf8 12. Bg5 h6 13. Bh4 Qb6 14. Rad1 Nh5 15. c5
dxc5 16. dxe5 g5 17. e6 Rxe6 18. Bc4 Ne5 19. Nxe5 Rxe5 20. Bg3 Nxg3 21. hxg3
Bg4 22. f4 Bxd1 23. Rxd1 Re7 24. Rd6 Qb4 25. b3 b5 26. axb5 a4 27. e5 gxf4 28.
bxc6 axb3 29. Qxb3 Qxb3 30. Bxb3 Rxe5 31. Rf6 c4 32. Bxc4 Bc5+ 0-1

[Event "BL 8283 Frankfurt-Koblenz"]
[Site "?"]
[Date "1983.??.??"]
[Round "?.4"]
[White "Werner, D."]
[Black "Trauth, M."]
[Result "1-0"]
[WhiteElo "2340"]
[BlackElo "2235"]
[PlyCount "69"]
[EventDate "1983.??.??"]

1. d4 Nf6 2. Nf3 c5 3. d5 g6 4. c4 b5 5. cxb5 a6 6. bxa6 Bxa6 7. Nc3 d6 8. Nd2
Bg7 9. e4 Bxf1 10. Nxf1 Qa5 11. Nd2 Nfd7 12. O-O O-O 13. a4 Bxc3 14. bxc3 Qxc3
15. Ra3 Qd4 16. Qc2 f5 17. Bb2 Qb4 18. Rfa1 c4 19. Rc3 Nb6 20. Nxc4 Nxa4 21.
Rb3 Nxb2 22. Na3 Qxe4 23. Qxb2 Qxd5 24. Rb5 Qe6 25. h3 Nd7 26. Rd1 Rfb8 27. Nc2
Qc4 28. Rb7 Kf7 29. Ne3 Qc6 30. Qb3+ e6 31. Nc4 Rxb7 32. Qxb7 Qxb7 33. Nxd6+
Ke7 34. Nxb7 Ra6 35. Rxd7+ 1-0

[Event "BL 8283 Kettig-Zähringen"]
[Site "?"]
[Date "1983.??.??"]
[Round "?.1"]
[White "Herbrechtsmeier, C."]
[Black "Weidemann, J."]
[Result "0-1"]
[WhiteElo "2320"]
[BlackElo "2285"]
[PlyCount "50"]
[EventDate "1983.??.??"]

1. d4 d5 2. Nc3 c6 3. e4 dxe4 4. Nxe4 Nf6 5. Nxf6+ gxf6 6. Ne2 h5 7. h4 Bg4 8.
Qd3 e6 9. Bf4 Qb6 10. Qb3 Bxe2 11. Qxb6 axb6 12. Bxe2 b5 13. Rh3 Nd7 14. Rb3
Ra4 15. Be3 Nb6 16. Rxb5 cxb5 17. Bxb5+ Kd8 18. d5 Re4 19. O-O-O Kc7 20. dxe6
fxe6 21. a4 Nd5 22. Bd2 Bc5 23. f3 Rxh4 24. c4 Ne3 25. Ba5+ Kb8 0-1

[Event "BL 8283 Porz-Bochum"]
[Site "?"]
[Date "1983.??.??"]
[Round "?.1"]
[White "Borik, O."]
[Black "Hort, V."]
[Result "0-1"]
[WhiteElo "2380"]
[BlackElo "2600"]
[PlyCount "98"]
[EventDate "1983.??.??"]

1. d4 Nf6 2. c4 c5 3. d5 e6 4. Nc3 exd5 5. cxd5 d6 6. e4 g6 7. f4 Bg7 8. Bb5+
Nfd7 9. Be2 Qh4+ 10. g3 Qd8 11. Nf3 O-O 12. O-O Re8 13. Re1 Na6 14. Bf1 Nb6 15.
h3 c4 16. e5 Nb4 17. g4 dxe5 18. fxe5 N6xd5 19. Nxd5 Qxd5 20. Qxd5 Nxd5 21.
Bxc4 Nb6 22. Bb3 Be6 23. Be3 Nd7 24. Bxe6 Rxe6 25. Bd4 Rae8 26. Rad1 Nxe5 27.
Bxe5 Bxe5 28. Nxe5 Rxe5 29. Rxe5 Rxe5 30. Rd7 Rb5 31. b3 Kg7 32. Kf2 Kf6 33.
Kf3 a5 34. Rc7 h6 35. Kg3 Ke6 36. Kf3 h5 37. Kg3 hxg4 38. hxg4 g5 39. Kf3 f6
40. Rh7 Rb4 41. Kg3 b6 42. Rh2 Rf4 43. Rd2 Rf1 44. Kg2 Rc1 45. Re2+ Kd5 46.
Rd2+ Ke5 47. Rf2 Rc6 48. Kf3 Kd4 49. Rf1 Kd3 0-1

[Event "BL 8283 Porz-Bochum"]
[Site "?"]
[Date "1983.??.??"]
[Round "?.2"]
[White "Miles, A."]
[Black "Budde, V."]
[Result "1-0"]
[WhiteElo "2565"]
[BlackElo "2335"]
[PlyCount "95"]
[EventDate "1983.??.??"]

1. c4 e6 2. Nc3 d5 3. d4 c5 4. Nf3 Nc6 5. cxd5 exd5 6. g3 Nf6 7. Bg2 Be7 8. O-O
O-O 9. dxc5 Bxc5 10. Bg5 d4 11. Bxf6 Qxf6 12. Nd5 Qd8 13. Nd2 a6 14. Rc1 Ba7
15. Re1 Bf5 16. Qb3 Rb8 17. Qa3 Kh8 18. Nc4 Be6 19. Nd6 Qd7 20. Nf4 Ne7 21. Rc2
Ng6 22. Nd3 Rfd8 23. Ne4 Bd5 24. Rec1 Bb6 25. Qb4 Bxe4 26. Bxe4 Qe6 27. Bxg6
hxg6 28. a4 a5 29. Qb5 Qd6 30. Ne5 Qe6 31. Nxf7+ Qxf7 32. Qxb6 d3 33. Rd2 Kh7
34. Rxd3 Rxd3 35. exd3 Re8 36. Qxa5 Re2 37. Qb6 Qd5 38. Qb4 g5 39. Qg4 Re6 40.
b4 Qe5 41. Rc5 Qe1+ 42. Kg2 Rf6 43. Qe4+ Qxe4+ 44. dxe4 g4 45. Rg5 Rf3 46. Rxg4
Ra3 47. a5 Ra4 48. e5 1-0

[Event "BL 8283 Porz-Bochum"]
[Site "?"]
[Date "1983.??.??"]
[Round "?.3"]
[White "Bachmann, K."]
[Black "Marian, R."]
[Result "1-0"]
[WhiteElo "2295"]
[BlackElo "2325"]
[PlyCount "77"]
[EventDate "1983.??.??"]

1. Nf3 d5 2. c4 e6 3. d4 c6 4. cxd5 exd5 5. Nc3 Bd6 6. Bg5 Ne7 7. e3 Bf5 8. Bd3
Bxd3 9. Qxd3 O-O 10. O-O f5 11. Ne5 Bxe5 12. dxe5 Nd7 13. f4 Nc5 14. Qd2 Qe8
15. Bxe7 Qxe7 16. b4 Nd7 17. b5 Nb6 18. a4 Kh8 19. a5 Nc4 20. Qd4 a6 21. bxc6
bxc6 22. Rfb1 Rab8 23. Na4 Nxa5 24. Nc5 Nc4 25. Nxa6 Rxb1+ 26. Rxb1 h6 27. Nc5
Ra8 28. g3 Nd2 29. Qxd2 Qxc5 30. Rc1 Qb5 31. Qc2 Rc8 32. Qxf5 Qb8 33. Qe6 Rc7
34. Rxc6 Qb1+ 35. Kg2 Qe4+ 36. Kh3 Rxc6 37. Qxc6 Qf5+ 38. g4 Qe4 39. Qc8+ 1-0

[Event "BL 8283 Porz-Bochum"]
[Site "?"]
[Date "1983.??.??"]
[Round "?.4"]
[White "Schmidt, B."]
[Black "Wittmann, R."]
[Result "1-0"]
[WhiteElo "2355"]
[BlackElo "2325"]
[PlyCount "69"]
[EventDate "1983.??.??"]

1. d4 c5 2. d5 g6 3. c4 Bg7 4. Nc3 Nf6 5. e4 d6 6. Bd3 O-O 7. Nge2 e5 8. Bg5 h6
9. Bh4 a6 10. f3 Nbd7 11. g4 Rb8 12. a4 b6 13. Qd2 Re8 14. Bf2 Nf8 15. Be3 Kh7
16. Ng3 Ng8 17. h4 Bd7 18. Rb1 Qe7 19. Kf2 Rec8 20. b4 Qe8 21. Rb2 Qd8 22. h5
g5 23. Rhb1 Qc7 24. Rb3 Be8 25. Nf5 Bf6 26. bxc5 bxc5 27. Qb2 Rxb3 28. Qxb3 Nd7
29. Qb7 Qxb7 30. Rxb7 Be7 31. Ra7 Rb8 32. Rxa6 Rb2+ 33. Ke1 Rb6 34. Ra7 Rb3 35.
Kd2 1-0

[Event "BL 8283 Porz-Bochum"]
[Site "?"]
[Date "1983.??.??"]
[Round "?.5"]
[White "Heinbuch, D."]
[Black "Ostermeyer, P."]
[Result "1/2-1/2"]
[WhiteElo "2285"]
[BlackElo "2435"]
[PlyCount "43"]
[EventDate "1983.??.??"]

1. c4 Nf6 2. Nc3 e5 3. g3 Bb4 4. Bg2 O-O 5. Nf3 Re8 6. O-O e4 7. Nd4 Nc6 8. Nc2
Bxc3 9. dxc3 d6 10. Bg5 h6 11. Bxf6 Qxf6 12. Ne3 Bf5 13. Qd2 Qe6 14. b3 Bh3 15.
Bxh3 Qxh3 16. f4 exf3 17. exf3 Re5 18. Rae1 Rae8 19. Nd5 Rxe1 20. Rxe1 Rxe1+
21. Qxe1 Qd7 22. Qe3 1/2-1/2

[Event "BL 8283 Porz-Bochum"]
[Site "?"]
[Date "1983.??.??"]
[Round "?.6"]
[White "Gerusel, M."]
[Black "Beckemeyer, W."]
[Result "0-1"]
[WhiteElo "2390"]
[BlackElo "2280"]
[PlyCount "88"]
[EventDate "1983.??.??"]

1. d4 Nf6 2. c4 d6 3. Nc3 Nbd7 4. e4 e5 5. d5 g6 6. Bd3 Bg7 7. h3 c6 8. Be3 O-O
9. Nge2 Nc5 10. Bc2 cxd5 11. cxd5 a5 12. a3 Bd7 13. b4 axb4 14. axb4 Na6 15.
Rb1 Nh5 16. Qd2 Rc8 17. g3 Rc4 18. Nd1 f5 19. Bd3 Rc8 20. Bg5 Bf6 21. Bh6 Bg7
22. exf5 gxf5 23. Bg5 Qe8 24. g4 Nf4 25. Nxf4 exf4+ 26. Kf1 Bb5 27. f3 Bxd3+
28. Qxd3 Qe5 29. Rh2 fxg4 30. hxg4 Qxg5 31. Qxh7+ Kf7 32. Rh5 Qe7 33. Nf2 Rc3
34. Re1 Re3 35. Rc1 Re5 36. Ne4 Ke8 37. Nxd6+ Kd7 38. Nf5 Rexf5 39. Rxf5 Rh8
40. Qg6 Rh6 41. d6 Rh1+ 42. Kg2 Qe2+ 43. Kxh1 Qxf3+ 44. Kg1 Bd4+ 0-1

[Event "BL 8283 Porz-Bochum"]
[Site "?"]
[Date "1983.??.??"]
[Round "?.7"]
[White "Ackermann, H."]
[Black "Dankert, P."]
[Result "0-1"]
[WhiteElo "2255"]
[BlackElo "2380"]
[PlyCount "74"]
[EventDate "1983.??.??"]

1. e4 c5 2. Nf3 e6 3. Nc3 a6 4. g3 Nc6 5. Bg2 Nf6 6. O-O d6 7. d4 cxd4 8. Nxd4
Bd7 9. Nxc6 Bxc6 10. Qd4 Be7 11. Rd1 Qc7 12. Be3 O-O 13. Qb6 Qb8 14. a4 Nd7 15.
Qb4 Re8 16. Nd5 exd5 17. exd5 Bxa4 18. Rxa4 Bf6 19. Rda1 Qc7 20. c3 Re7 21.
R4a3 Rae8 22. Rb3 Ne5 23. Bf1 Qd7 24. Qf4 Bg5 25. Qa4 Qf5 26. Bxg5 Nf3+ 27. Kh1
Nxg5 28. Qd4 Re1 29. c4 Rxa1 30. g4 Rxf1+ 31. Kg2 Qe4+ 32. Qxe4 Nxe4 33. f3 Nd2
34. Rd3 Re2+ 35. Kg3 Nxc4 36. Rc3 b5 37. b3 Re3 0-1

[Event "BL 8283 Markth'feld-Solingen"]
[Site "?"]
[Date "1983.??.??"]
[Round "?.1"]
[White "Spassky, B."]
[Black "Goehring, K."]
[Result "1/2-1/2"]
[WhiteElo "2610"]
[BlackElo "2365"]
[PlyCount "53"]
[EventDate "1983.??.??"]

1. e4 c5 2. d3 Nc6 3. g3 g6 4. Bg2 Bg7 5. f4 e6 6. Nf3 Nge7 7. O-O O-O 8. c3 b5
9. Be3 d6 10. Nbd2 b4 11. Qc2 bxc3 12. bxc3 Ba6 13. Rac1 Rb8 14. Rfd1 Qa5 15.
Nc4 Bxc4 16. dxc4 Rfd8 17. g4 Qa3 18. Rd2 d5 19. exd5 exd5 20. f5 dxc4 21. Bf1
Rxd2 22. Nxd2 Nd5 23. Nxc4 Nxe3 24. Nxa3 Nxc2 25. Rxc2 Ne5 26. fxg6 hxg6 27.
Be2 1/2-1/2

[Event "BL 8283 Markth'feld-Solingen"]
[Site "?"]
[Date "1983.??.??"]
[Round "?.3"]
[White "Borngaesser, R."]
[Black "Oechslein, R."]
[Result "1-0"]
[WhiteElo "2320"]
[BlackElo "2205"]
[PlyCount "100"]
[EventDate "1983.??.??"]

1. e4 e5 2. Nf3 Nc6 3. Bc4 Nf6 4. d3 Be7 5. c3 d5 6. exd5 Nxd5 7. Qb3 Na5 8.
Qa4+ c6 9. Bxd5 Qxd5 10. b4 e4 11. Nfd2 exd3 12. bxa5 Bh3 13. Rg1 Bxg2 14. Qg4
Qe5+ 15. Kd1 h5 16. Nc4 hxg4 17. Nxe5 Rxh2 18. Bf4 Rh1 19. Rxh1 Bxh1 20. Kd2 g5
21. Be3 f5 22. Kxd3 Rd8+ 23. Ke2 Rd5 24. Nd2 Rxe5 25. Rxh1 f4 26. Nc4 Re6 27.
Rb1 fxe3 28. fxe3 g3 29. Rxb7 Bc5 30. Rb8+ Ke7 31. Rb1 Re4 32. Kd3 Rg4 33. Ne5
Ra4 34. Rg1 Rxa2 35. Rxg3 Bd6 36. Nxc6+ Kd7 37. Nb4 Rxa5 38. Rg4 Be7 39. Rd4+
Ke8 40. Re4 Rc5 41. Kd4 Rc7 42. Nd5 Rb7 43. c4 Kf7 44. c5 Bd8 45. c6 Bb6+ 46.
Nxb6 Rxb6 47. Kc5 Rb8 48. c7 Rc8 49. Kd6 Kf6 50. Ra4 Kf5 1-0